Aplikácia genetických algoritmov pri návrhu riadenia technologických procesov

Salvato in:
Dettagli Bibliografici
Autore principale: Šrámek, Marián (Autore)
Altri autori: Sekaj, Ivan, 1960- (Relatore della tesi)
Natura: Manoscritto Libro
Lingua:slovacco
Pubblicazione: Bratislava : STU v Bratislave FEI, 1999
Soggetti:
Tags: Aggiungi Tag
Nessun Tag, puoi essere il primo ad aggiungerne!!

MARC

LEADER 00000ntm a22000003a 4500
001 stu92604
005 20160719164658.3
008 050125s1999------------------------slo-d
040 |a STU  |b slo 
041 0 |a slo 
100 1 |a Sekaj, Ivan,  |d 1960-  |4 ths  |u E010  |T FEI Ústav riadenia a priemyselnej informatiky  |X 4946  |U E010  |Y E010  |7 A000004946 
245 1 |a Aplikácia genetických algoritmov pri návrhu riadenia technologických procesov 
260 |a Bratislava :  |b STU v Bratislave FEI,  |c 1999 
300 |a 117 s 
650 7 |a automatizácia  |2 stusub 
700 1 |a Šrámek, Marián  |4 aut